<?xml version="1.0" encoding="UTF-8"?><?xml-stylesheet type="text/xsl" href="static/style.xsl"?><OAI-PMH xmlns="http://www.openarchives.org/OAI/2.0/" xmlns:xsi="http://www.w3.org/2001/XMLSchema-instance" xsi:schemaLocation="http://www.openarchives.org/OAI/2.0/ http://www.openarchives.org/OAI/2.0/OAI-PMH.xsd"><responseDate>2026-04-14T06:43:32Z</responseDate><request verb="GetRecord" identifier="oai:www.recercat.cat:10459.1/469004" metadataPrefix="marc">https://recercat.cat/oai/request</request><GetRecord><record><header><identifier>oai:recercat.cat:10459.1/469004</identifier><datestamp>2025-11-17T19:37:33Z</datestamp><setSpec>com_2072_3622</setSpec><setSpec>col_2072_479130</setSpec></header><metadata><record xmlns="http://www.loc.gov/MARC21/slim" xmlns:dcterms="http://purl.org/dc/terms/" xmlns:xsi="http://www.w3.org/2001/XMLSchema-instance" xmlns:doc="http://www.lyncode.com/xoai" xsi:schemaLocation="http://www.loc.gov/MARC21/slim http://www.loc.gov/standards/marcxml/schema/MARC21slim.xsd">
   <leader>00925njm 22002777a 4500</leader>
   <datafield ind2=" " ind1=" " tag="042">
      <subfield code="a">dc</subfield>
   </datafield>
   <datafield ind2=" " ind1=" " tag="720">
      <subfield code="a">Garcia-Blanc, Núria</subfield>
      <subfield code="e">author</subfield>
   </datafield>
   <datafield ind2=" " ind1=" " tag="720">
      <subfield code="a">Gomis Cañellas, Raquel</subfield>
      <subfield code="e">author</subfield>
   </datafield>
   <datafield ind2=" " ind1=" " tag="720">
      <subfield code="a">Ros Morente, Agnès</subfield>
      <subfield code="e">author</subfield>
   </datafield>
   <datafield ind2=" " ind1=" " tag="720">
      <subfield code="a">Filella Guiu, Gemma</subfield>
      <subfield code="e">author</subfield>
   </datafield>
   <datafield ind2=" " ind1=" " tag="260">
      <subfield code="c">2025</subfield>
   </datafield>
   <datafield ind2=" " ind1=" " tag="520">
      <subfield code="a">Se analiza la relación entre ansiedad estado y rendimiento académico en 344 estudiantes de educación secundaria españoles (M= 13,66; DT= 1,184), explorando el rol moderador del género. La muestra incluyó una proporción equilibrada de chicos (49%) y de chicas (51%), procedentes de dos centros educativos, uno público y otro concertado. Se emplearon pruebas U de Mann-Whitney y análisis de regresión lineal para analizar las diferencias entre géneros y evaluar los efectos directos e interactivos. Para ello, se utilizó la escala de ansiedad estado del STAI y las calificaciones medias. Los resultados mostraron una relación negativa significativa entre la ansiedad estado y el rendimiento académico, así como niveles significativamente más altos de ansiedad estado en las chicas. Además, se observó un efecto directo e interactivo del género y la ansiedad en el rendimiento académico. Estos hallazgos destacan la importancia de abordar la ansiedad en la educación secundaria mediante propuestas centradas en el desarrollo de competencias emocionales.</subfield>
   </datafield>
   <datafield ind2=" " ind1=" " tag="520">
      <subfield code="a">Esta publicación es parte del proyecto de I+D+i / ayuda RTI2018-098294-B-I00/PRE2019-091604, financiado/a por MCIN/ AEI/10.13039/501100011033/ FEDER “Una manera de hacer Europa”.</subfield>
   </datafield>
   <datafield ind1="8" ind2=" " tag="024">
      <subfield code="a">http://hdl.handle.net/10459.1/469004</subfield>
   </datafield>
   <datafield tag="653" ind2=" " ind1=" ">
      <subfield code="a">Ansiedad</subfield>
   </datafield>
   <datafield tag="653" ind2=" " ind1=" ">
      <subfield code="a">Rendimiento Académico</subfield>
   </datafield>
   <datafield tag="653" ind2=" " ind1=" ">
      <subfield code="a">Género</subfield>
   </datafield>
   <datafield tag="653" ind2=" " ind1=" ">
      <subfield code="a">Adolescencia</subfield>
   </datafield>
   <datafield ind2="0" ind1="0" tag="245">
      <subfield code="a">Explorando la relación entre ansiedad estado, género y rendimiento académico en estudiantes de educación secundaria</subfield>
   </datafield>
   <datafield ind2="0" ind1="0" tag="245">
      <subfield code="a">Exploring the relationship between state anxiety, gender, and academic performance in secondary school students</subfield>
   </datafield>
</record></metadata></record></GetRecord></OAI-PMH>